Nový zákon o cezhraničnej spolupráci pri vysielaní zamestnancov na výkon prác pri poskytovaní služieb

Zákon o cezhraničnej spolupráci pri vysielaní zamestnancov na výkon prác pri poskytovaní služieb č. 351/2015 Z.z. nadobudne účinnosť 18.6.2016. Zákon má zefektívniť kontrolu a odradiť od nelegálneho zamestnávania. Prinesie hromadu administratívnych povinností. Zmeny aj v iných súvisiacich právnych p...

Descrizione completa

Salvato in:
Dettagli Bibliografici
Autore principale: Trizuliak, Tibor
Natura: Capitolo di libro
Lingua:slovacco
Soggetti:
Tags: Aggiungi Tag
Nessun Tag, puoi essere il primo ad aggiungerne!!

MARC

LEADER 00000naa a2200000 4500
001 0217085
005 20231120105032.9
041 0 |a slo 
044 |a SK 
245 1 0 |a Nový zákon o cezhraničnej spolupráci pri vysielaní zamestnancov na výkon prác pri poskytovaní služieb  |c Tibor Trizuliak 
520 |a Zákon o cezhraničnej spolupráci pri vysielaní zamestnancov na výkon prác pri poskytovaní služieb č. 351/2015 Z.z. nadobudne účinnosť 18.6.2016. Zákon má zefektívniť kontrolu a odradiť od nelegálneho zamestnávania. Prinesie hromadu administratívnych povinností. Zmeny aj v iných súvisiacich právnych predpisoch. 
610 2 0 |a práca v zahraničí 
610 2 0 |a služby zamestnanosti 
610 2 0 |a spolupráca cezhraničná 
610 2 0 |a úpravy právne 
100 1 |a Trizuliak, Tibor